Cities, change, and conflict : a political economy of urban life

Αποθηκεύτηκε σε:
Λεπτομέρειες βιβλιογραφικής εγγραφής
Κύριος συγγραφέας: Kleniewski, Nancy
Μορφή: Βιβλίο
Γλώσσα:English
Δημοσίευση: Belmont, CA : Wadsworth, c1997
Θέματα:
Ετικέτες: Προσθήκη ετικέτας
Δεν υπάρχουν, Καταχωρήστε ετικέτα πρώτοι!

MARC

LEADER 00000nam a2200000 i 4500
001 1/94842
008 991130s1997 eng d
020 |a 0-534-24775-X 
035 |l 10055015 
040 |a GR-MY-UA  |b gre  |e aacr 
041 0 |a eng 
082 0 |a 307.76 
100 1 |a Kleniewski, Nancy. 
245 1 0 |a Cities, change, and conflict :  |b a political economy of urban life /  |c Nancy Kleniewski 
260 |a Belmont, CA :   |b Wadsworth,   |c c1997 
300 |a xvi, 384 p.;  |b ill. ; maps;  |c 24 cm. 
504 |a Includes bibliographical references and index 
650 0 0 |a Cities and towns  |x History. 
650 0 0 |a Sociology, Urban. 
650 0 0 |a Human ecology. 
650 0 0 |a Economic history. 
852 |a INST  |b LESVOS  |e 19991130  |h 307.76 KLE  |p 005100022118  |q 005100022118  |t BK  |y 0 
901 |a BIBL1-2000-1 
909 |a Λ  |b 070284 
922 |a 1ΕΛΗ  |b 199911  |c ΚΠΣ/ΤΓ  |d LEADER 
950 |a 118-1999-09-03 
970 |a ΜΟΥΣΤΑΚΑ  |b ΠΗΝΕΛΟΠΗ  |z 2000/01/22